| Art - Music/Opera | 8 | 18.75 | 100% | 75% | 13% |
| Art - Other | 6 | 16.67 | 100% | 67% | 0% |
| Art - Painting/Sculpture | 9 | 18.89 | 100% | 78% | 11% |
| Art - Visual | 1 | 20.00 | 100% | 100% | 0% |
| Current Events/Modern World - Rest of world social | 1 | 10.00 | 100% | 0% | 0% |
| Current Events/Modern World - Western social | 1 | 10.00 | 100% | 0% | 0% |
| History - American | 4 | 17.50 | 100% | 75% | 0% |
| History - European | 6 | 16.67 | 100% | 67% | 0% |
| History - Other | 8 | 11.25 | 100% | 13% | 0% |
| History - World | 5 | 18.00 | 100% | 60% | 20% |
| Literature - American any | 2 | 15.00 | 100% | 50% | 0% |
| Literature - American long fiction | 2 | 20.00 | 100% | 100% | 0% |
| Literature - American poetry | 1 | 20.00 | 100% | 100% | 0% |
| Literature - American short fiction | 1 | 20.00 | 100% | 100% | 0% |
| Literature - British any | 2 | 20.00 | 100% | 50% | 50% |
| Literature - British drama | 1 | 20.00 | 100% | 100% | 0% |
| Literature - British long fiction | 3 | 23.33 | 100% | 100% | 33% |
| Literature - British poetry | 2 | 20.00 | 100% | 100% | 0% |
| Literature - European any | 1 | 20.00 | 100% | 0% | 100% |
| Literature - European long fiction | 3 | 13.33 | 67% | 67% | 0% |
| Literature - European poetry | 1 | 20.00 | 100% | 100% | 0% |
| Literature - European short fiction | 1 | 30.00 | 100% | 100% | 100% |
| Literature - World/Misc any | 2 | 15.00 | 100% | 50% | 0% |
| Literature - World/Misc drama | 1 | 30.00 | 100% | 100% | 100% |
| Literature - World/Misc long fiction | 2 | 20.00 | 100% | 100% | 0% |
| Mythology - Americas | 1 | 10.00 | 100% | 0% | 0% |
| Mythology - Egyptian | 1 | 10.00 | 0% | 0% | 100% |
| Mythology - Greco/Roman | 1 | 10.00 | 0% | 100% | 0% |
| Mythology - Hindu | 1 | 30.00 | 100% | 100% | 100% |
| Mythology - Mixed/Any | 3 | 20.00 | 100% | 100% | 0% |
| Other Academic/Cross-Category - Any | 1 | 30.00 | 100% | 100% | 100% |
| Philosophy - 20th century | 1 | 20.00 | 0% | 100% | 100% |
| Philosophy - Ancient | 1 | 20.00 | 100% | 100% | 0% |
| Philosophy - Enlightenment | 1 | 10.00 | 100% | 0% | 0% |
| Philosophy - Mixed/Any | 1 | 20.00 | 100% | 100% | 0% |
| Philosophy - Pre-20th | 2 | 10.00 | 100% | 0% | 0% |
| Religion - Buddhism | 1 | 10.00 | 100% | 0% | 0% |
| Religion - Christianity/Judaism | 2 | 10.00 | 100% | 0% | 0% |
| Religion - Hinduism | 2 | 15.00 | 100% | 50% | 0% |
| Religion - Islam | 1 | 10.00 | 100% | 0% | 0% |
| Religion - Mixed/Any | 3 | 6.67 | 33% | 33% | 0% |
| Science - Astronomy | 1 | 30.00 | 100% | 100% | 100% |
| Science - Biology | 6 | 16.67 | 100% | 50% | 17% |
| Science - Chemistry | 6 | 23.33 | 100% | 83% | 50% |
| Science - Compsci | 2 | 20.00 | 100% | 100% | 0% |
| Science - Earth | 1 | 20.00 | 100% | 100% | 0% |
| Science - Engineering | 1 | 20.00 | 100% | 100% | 0% |
| Science - Other | 2 | 20.00 | 100% | 100% | 0% |
| Science - Other/CL/Misc | 1 | 10.00 | 100% | 0% | 0% |
| Science - Physics | 9 | 18.89 | 100% | 67% | 22% |
| Social Science - Economics | 3 | 13.33 | 100% | 33% | 0% |
| Social Science - Law | 1 | 10.00 | 100% | 0% | 0% |
| Social Science - Linguistics | 1 | 10.00 | 100% | 0% | 0% |
| Social Science - Mixed/Any | 1 | 10.00 | 100% | 0% | 0% |
| Social Science - Psychology | 1 | 20.00 | 100% | 0% | 100% |
| Social Science - Sociology | 1 | 0.00 | 0% | 0% | 0% |